[Event "46th Capablanca Memorial Open A"]
[Site "Havana CUB"]
[Date "2010.05.14"]
[Round "4.51"]
[White "Girones Barrios,Y"]
[Black "Sanchez Comesana,Angelica Maria"]
[Result "1-0"]
[WhiteElo "2221"]
[BlackElo "2019"]

1.d4 d5 2.c4 c6 3.Nc3 Nf6 4.Nf3 e6 5.e3 Nbd7 6.Qc2 Bd6 7.Bd3 O-O 8.O-O dxc4
9.Bxc4 b6 10.Bd3 Bb7 11.a3 Qc7 12.e4 e5 13.dxe5 Nxe5 14.Nxe5 Bxe5 15.f4 Bd4+
16.Kh1 a6 17.e5 Nd7 18.Bxh7+ Kh8 19.Qd3 Rfd8 20.Qh3 Nf8 21.Ne4 Bc8 22.Bf5+ Kg8
23.Nd6 Bxf5 24.Nxf5 Ng6 25.Qg4 Bc5 26.h4 Bf8 27.h5 Ne7 28.Nh6+ Kh7 29.Nxf7 Rd3
30.f5 Nd5 31.Qg6+ Kg8 32.Ng5  1-0

[Event "VIII World's Youth Stars"]
[Site "Kirishi RUS"]
[Date "2010.05.14"]
[Round "6"]
[White "Belous,V"]
[Black "Sethuraman,S"]
[Result "0-1"]
[WhiteElo "2471"]
[BlackElo "2493"]

1.Nf3 d5 2.d4 Nf6 3.c4 e6 4.Nc3 c6 5.e3 Nbd7 6.Qc2 Bd6 7.g4 h6 8.Bd2 b5 9.cxd5 exd5
10.Bd3 Bb7 11.Rg1 Qe7 12.Nh4 g6 13.f3 b4 14.Ne2 c5 15.dxc5 Bxc5 16.Bxg6 Rc8
17.Rc1 Ne5 18.Bf5 Ne4 19.fxe4 Qxh4+ 20.Kd1 O-O 21.exd5 Ba6 22.Rg2 Nc4 23.g5 Bxe3
24.Be1 Qh5 25.Bg4 Bxc1 26.Qxc1 Qg6 27.Bf2 Ne3+ 28.Bxe3 Rxc1+ 29.Nxc1 Qe4
30.Rg3 Qh1+  0-1

[Event "VIII World's Youth Stars"]
[Site "Kirishi RUS"]
[Date "2010.05.14"]
[Round "6"]
[White "Bukavshin,I"]
[Black "Zherebukh,Y"]
[Result "0-1"]
[WhiteElo "2435"]
[BlackElo "2567"]

1.d4 d5 2.c4 c6 3.Nc3 Nf6 4.e3 e6 5.Nf3 Nbd7 6.Qc2 Bd6 7.Bd3 O-O 8.O-O dxc4
9.Bxc4 a6 10.Rd1 Qe7 11.a3 b5 12.Bd3 c5 13.Ne4 c4 14.Nxd6 Qxd6 15.Be2 Bb7
16.Ne1 e5 17.dxe5 Qxe5 18.Nf3 Qc7 19.Nd4 Be4 20.Qd2 Ne5 21.a4 Qb7 22.f3 Bd3
23.Bxd3 Nxd3 24.b3 Rfe8 25.axb5 axb5 26.Ra5 Rxa5 27.Qxa5 Rb8 28.Bd2 Ra8 29.Qc3 Nd5
30.Qc2 Rc8 31.bxc4 bxc4 32.Rb1 Qa6 33.Rb5 g6 34.h3 Qd6 35.Qa2 c3 36.Rxd5 Qxd5
37.Qxd5 cxd2 38.Qb3 Rc1+ 39.Kh2 d1=Q 40.Qb8+ Kg7 41.Qa7 Qg1+ 42.Kg3 Qf2+
43.Kh2 Rg1 44.Ne6+ Kh6  0-1

[Event "ch-HUN w"]
[Site "Nagykanizsa HUN"]
[Date "2010.05.14"]
[Round "1"]
[White "Goczo,M"]
[Black "Erdos,B"]
[Result "1/2-1/2"]
[WhiteElo "2234"]
[BlackElo "2147"]

1.d4 d5 2.Nf3 Nf6 3.c4 c6 4.Nc3 e6 5.e3 Nbd7 6.Qc2 Bd6 7.Bd3 O-O 8.O-O h6
9.e4 dxe4 10.Nxe4 Nxe4 11.Bxe4 Nf6 12.Rd1 Qc7 13.c5 Be7 14.Ne5 Bxc5 15.Nxf7 Nxe4
16.Nxh6+ gxh6 17.Bxh6 Rf5 18.Qxe4 Bd6 19.Qg4+ Kf7 20.h4 Ke8 21.d5 cxd5 22.Qg8+ Bf8
23.Rxd5 Qf7 24.Rxf5 Qxg8 25.Rxf8+ Qxf8 26.Bxf8 Kxf8 27.Rc1 Bd7 28.Rc7 Bc6
29.g4 Rd8 30.Kh2 Rd3 31.h5 Rf3 32.h6 Rxf2+ 33.Kg3 Rf3+ 34.Kh4 Kg8 35.Re7 Rf7
36.Rxe6  1/2-1/2

[Event "40th Bosna Open"]
[Site "Sarajevo BIH"]
[Date "2010.05.14"]
[Round "10"]
[White "Sandipan,C"]
[Black "Berczes,D"]
[Result "1/2-1/2"]
[WhiteElo "2640"]
[BlackElo "2519"]

1.d4 d5 2.c4 c6 3.Nf3 Nf6 4.Nc3 e6 5.e3 Nbd7 6.Qc2 Bd6 7.b3 O-O 8.Be2 b6
9.O-O Bb7 10.Bb2 Qe7 11.Rad1 Rad8 12.Rfe1 Rfe8 13.Bf1 c5 14.cxd5 exd5 15.Qf5 a6
16.g3 c4 17.bxc4 dxc4 18.e4 Nxe4 19.Bxc4 Qf6 20.Nh4 g6 21.Nxe4 Rxe4 22.Qxf6 Rxe1+
23.Rxe1 Nxf6 24.d5 Nxd5 25.Nf3 b5 26.Bb3 Nb4 27.Ng5 Bd5 28.Bf6  1/2-1/2

[Event "46th Capablanca Memorial Open A"]
[Site "Havana CUB"]
[Date "2010.05.15"]
[Round "5.51"]
[White "Ubaldo Suarez,M"]
[Black "Perez Rodriguez,Je"]
[Result "1/2-1/2"]
[WhiteElo "2079"]
[BlackElo "2227"]

1.d4 d5 2.c4 c6 3.Nc3 Nf6 4.e3 e6 5.Nf3 Nbd7 6.Bd3 Bd6 7.O-O O-O 8.Qe2 dxc4
9.Bxc4 e5 10.dxe5 Nxe5 11.Nxe5 Bxe5 12.f4 Bc7 13.h3 Re8 14.Kh1 Bf5 15.a4 Qe7
16.Bd3 Bxd3 17.Qxd3 Rad8 18.Qc2 Qc5 19.Qb3 b6 20.Rd1 Rxd1+ 21.Qxd1 h6 22.Bd2 b5
23.axb5 cxb5 24.Rc1 Bb6 25.Qe2 Qd6 26.e4 b4 27.Nb5 Qd5 28.e5 Ne4 29.Be1 a6
30.Nc7 Qd4 31.Bh4 Rc8 32.Rd1 Qe3 33.Qxe3 Bxe3 34.Nxa6 Bxf4 35.Nxb4 g5 36.Be1 Bxe5
37.Nd5 Kg7 38.b4 Rb8 39.g4 Nf6 40.Ne7 Rb5 41.Nc6 Kg6 42.Ne7+ Kh7 43.Nc6 Bf4
44.Kg2 h5 45.Kf3 Rb6 46.Ne7 Re6 47.Nf5 hxg4+ 48.hxg4 Ra6 49.Rd3 Ra7 50.Bf2 Rb7
51.Bc5 Nd7 52.Ke4 Nf6+ 53.Kf3 Nd7  1/2-1/2

[Event "TCh-UKR Clubs"]
[Site "Alushta UKR"]
[Date "2010.05.16"]
[Round "5"]
[White "Plaksin,V"]
[Black "Zubov,A UKR"]
[Result "0-1"]
[WhiteElo "2201"]
[BlackElo "2586"]

1.d4 Nf6 2.c4 e6 3.Nf3 d5 4.Nc3 c6 5.e3 Nbd7 6.Bd3 dxc4 7.Bxc4 b5 8.Bd3 Bb7
9.a3 a5 10.O-O Bd6 11.e4 e5 12.dxe5 Nxe5 13.Nxe5 Bxe5 14.Be3 O-O 15.Qe2 Re8
16.Rad1 Qc7 17.h3 Re6 18.Rc1 Qe7 19.Nd1 Bd6 20.Bg5 h6 21.Bxf6 Qxf6 22.Ne3 Rae8
23.Ng4 Qg5 24.f4 Qh4 25.e5 h5 26.Qf2 Qxf2+ 27.Nxf2 Be7 28.Bf5 Rh6 29.Nd3 Rd8
30.Nc5 Bxc5+ 31.Rxc5 Rd4 32.g3 Rh8 33.Rf3 Rd1+ 34.Kg2 g6 35.Bc2 Rd2+ 36.Rf2 Rd4
37.f5 gxf5 38.Rxf5 Bc8 39.Rf4 Rd2+ 40.Kf3 Bxh3 41.Ke3 Rg2 42.Rxc6 Rxg3+ 43.Kd4 Kg7
44.Bf5 Bg2 45.Rc7 Rd8+ 46.Rd7 Rxd7+ 47.Bxd7 b4 48.axb4 axb4 49.e6 fxe6 50.Bxe6 Kg6
51.Kc5 Re3 52.Bf7+ Kg5 53.Rf2 Bf3 54.Kxb4 h4 55.Kc5 Kg4 56.Kd4 Re4+ 57.Kd3 Rf4
58.Be6+ Kg3 59.Rd2 Re4 60.Bd7 h3 61.Bxh3 Kxh3 62.Kc3 Kg3 63.b4 Re5 64.Kc4 Be2+
65.Kd4 Kf4 66.b5 Re4+ 67.Kc5 Ke5 68.Rd5+ Ke6 69.Rg5 Rc4+ 70.Kb6 Bf3 71.Rg6+ Kf7
72.Rg5 Be4 73.Rc5 Rd4 74.Kc7 Ke6 75.Rg5 Rd7+ 76.Kb6 Kd6 77.Rg1 Rd8 78.Rd1+ Bd5
79.Rg1 Rb8+ 80.Ka6 Kc5 81.Rc1+ Bc4 82.Rb1 Ra8+ 83.Kb7 Bd5+ 84.Kc7 Ra7+ 85.Kb8 Rb7+
86.Kc8 Kd6 87.Rb2 Ra7  0-1

[Event "ch-Commonwealth"]
[Site "Delhi IND"]
[Date "2010.05.16"]
[Round "9"]
[White "Suvrajit,S"]
[Black "Lafuente,P"]
[Result "0-1"]
[WhiteElo "2380"]
[BlackElo "2587"]

1.Nf3 Nf6 2.c4 e6 3.Nc3 d5 4.d4 c6 5.e3 a6 6.Qc2 c5 7.cxd5 exd5 8.dxc5 Bxc5
9.Ne2 Ba7 10.Ned4 O-O 11.Be2 Bg4 12.O-O Nbd7 13.b4 Rc8 14.Qb3 Ne4 15.Bb2 Ndf6
16.Rfc1 Re8 17.h3 Rxc1+ 18.Rxc1 Bh5 19.a3 h6 20.Qc2 Bb8 21.Nf5 Bg6 22.N3h4 Qd7
23.Bg4 Nxg4 24.hxg4 Bxf5 25.Nxf5 g6 26.Qc8 Rxc8 27.Rxc8+ Qxc8 28.Ne7+ Kf8
29.Nxc8 Bc7 30.b5 Ke8 31.Bd4 Kd7 32.bxa6 bxa6 33.Nb6+ Kc6 34.Na4 Kb5 35.Nb2 Bd6
36.a4+ Kb4 37.f4 Nc3 38.Be5 Bxe5 39.Nd3+ Kxa4 40.Nxe5 Kb3 41.Nxf7 a5 42.Ne5 a4
43.f5 gxf5 44.gxf5 a3 45.Nd3 Kc4 46.Nc1 Ne2+ 47.Kh2 Nxc1 48.f6 a2 49.f7 a1=Q
50.f8=Q Qe5+ 51.g3 Qxe3 52.Qc8+ Kd3 53.Qa6+ Kd4 54.Qb6+ Kd3 55.Qa6+ Kd2 56.Qa5+ Ke2
57.Qxd5 Nd3 58.Qa2+ Kf1 59.Qb1+ Kf2 60.Qa2+ Qe2 61.Qf7+ Ke3+ 62.Kg1 Qf2+
63.Qxf2+ Nxf2 64.Kg2 Ng4 65.Kh3 Kf3 66.Kh4 Nf6 67.Kh3 h5 68.Kh4 Kg2  0-1

[Event "ch-USA"]
[Site "Saint Louis USA"]
[Date "2010.05.16"]
[Round "3"]
[White "Kraai,J"]
[Black "Bhat,V"]
[Result "1-0"]
[WhiteElo "2492"]
[BlackElo "2547"]

1.d4 d5 2.c4 c6 3.Nc3 Nf6 4.e3 e6 5.Nf3 Nbd7 6.Bd2 g6 7.Bd3 Bg7 8.O-O O-O
9.Qc2 c5 10.cxd5 exd5 11.Bb5 Qe7 12.Rac1 a6 13.Be2 b6 14.dxc5 bxc5 15.Rfd1 Bb7
16.Qb3 Rab8 17.Qa3 Qe6 18.Be1 Rfc8 19.Na4 Bf8 20.b4 d4 21.Nxc5 Nxc5 22.bxc5 dxe3
23.Qxe3 Qxe3 24.fxe3 Bxc5 25.Nd4 Nd5 26.Kf2 Bf8 27.Bd2 Re8 28.Bf3 Nf6 29.Nc6 Rbc8
30.Nb4 Ne4+ 31.Bxe4 Bxe4 32.Be1 Rb8 33.Nxa6 Rb5 34.Nc7 Rf5+ 35.Kg1 Rb8 36.Rd4 Bb1
37.Na6 Bh6 38.Bd2 Rb2 39.Rd8+ Kg7 40.Bc3+ f6 41.Rd7+ Kg8 42.Bd4 Bc2 43.Rc7 Bd3
44.Rc8+ Kf7 45.R1c7+ Ke6 46.Nc5+ Rxc5 47.Rxc5 Re2 48.R8c6+ Kd7 49.Rc7+ Kd6
50.Rxh7 Bg5 51.h4 Bxe3+ 52.Bxe3 Rxe3 53.Rc3 Re1+ 54.Kf2 Rf1+ 55.Ke3 Bf5 56.Ra7 Re1+
57.Kf2 Rh1 58.Ra6+ Kd5 59.Kg3 Be4  1-0

[Event "4th All China Games Rapid"]
[Site "Hefei CHN"]
[Date "2010.05.17"]
[Round "1"]
[White "Liang Chong"]
[Black "Yu Lie"]
[Result "1/2-1/2"]
[WhiteElo "2505"]
[BlackElo "2443"]

1.d4 d5 2.c4 c6 3.Nc3 Nf6 4.e3 e6 5.Nf3 Nbd7 6.Qc2 Bd6 7.Be2 O-O 8.O-O dxc4
9.Bxc4 Qe7 10.Re1 c5 11.Nb5 Bb8 12.dxc5 a6 13.Nbd4 Qxc5 14.a4 Qc7 15.b4 b6
16.Bb3 Bb7 17.Qxc7 Bxc7 18.Ba3 Rfc8 19.Rac1 Bd6 20.Red1 Rxc1 21.Rxc1 a5 22.Nc2 Rc8
23.Rd1 axb4 24.Bxb4 Bxb4 25.Nxb4 Nc5 26.Bc2 Nd5 27.Nxd5 Bxd5 28.Rb1 g6 29.Nd4 e5
30.Nb5 Nb3 31.Bd1 Nd2 32.Ra1 Nb3 33.Rb1 Nd2 34.Ra1 Nb3  1/2-1/2

[Event "4th All China Games Rapid"]
[Site "Hefei CHN"]
[Date "2010.05.17"]
[Round "2"]
[White "Xiu Deshun"]
[Black "Wang Yu A"]
[Result "1-0"]
[WhiteElo "2508"]
[BlackElo "2337"]

1.Nf3 d5 2.e3 Nf6 3.c4 c6 4.Nc3 e6 5.d4 Nbd7 6.Bd3 dxc4 7.Bxc4 b5 8.Be2 Bb7
9.O-O Bd6 10.Qc2 O-O 11.Ng5 h6 12.Nge4 Nxe4 13.Nxe4 Be7 14.Bd2 a5 15.a3 f5
16.Ng3 Nf6 17.Rac1 Nd5 18.e4 fxe4 19.Qxe4 Kh8 20.Nh5 Nf6 21.Nxf6 Rxf6 22.Bd3 Kg8
23.Bxb5 Qd5 24.Bd3 Bd6 25.g3 a4 26.Bc3 Raf8 27.Qh7+ Kf7 28.Be4 Qg5 29.Bg2 Rf5
30.f4 Qg4 31.Bf3 Qh3 32.d5 e5 33.Bg2 Bc5+ 34.Kh1  1-0

[Event "TCh-UKR Clubs"]
[Site "Alushta UKR"]
[Date "2010.05.18"]
[Round "9"]
[White "Khachatryan,V2"]
[Black "Chos,A"]
[Result "1/2-1/2"]
[WhiteElo "2224"]
[BlackElo "2306"]

1.d4 d5 2.c4 c6 3.Nc3 Nf6 4.e3 e6 5.Nf3 Nbd7 6.Bd3 Bd6 7.e4 dxe4 8.Nxe4 Nxe4
9.Bxe4 e5 10.O-O O-O 11.dxe5 Nxe5 12.Nxe5 Bxe5 13.Bxh7+ Kxh7 14.Qh5+ Kg8
15.Qxe5 Re8 16.Qf4 Re6 17.Be3 Rg6 18.Kh1 Rg4 19.Qe5 Be6 20.Rad1 Qh4 21.b3 Re8
22.Rd2 Rxg2 23.Rg1 f6 24.Qf4 Rxg1+ 25.Kxg1 Qh5 26.f3 Bh3 27.Kf2 a5 28.Qg3 Qf5
29.Qh4 a4 30.b4 Qe6 31.Qd4 Qf7 32.Qh4 Be6 33.Rd4 Qe7 34.a3 Bxc4 35.Re4 Be6
36.Qh5 Qf7 37.Qxf7+ Kxf7 38.Bb6 Rh8 39.h4 Rh5 40.Kg3 Bd5 41.Re3 Be6 42.Rd3 Rb5
43.Bc7 b6 44.Rd6 Bd5 45.Rd8 Be6 46.Rd6 Re5 47.Bxb6 Bd5 48.Bd4 Rf5 49.f4 Kg6
50.Bc5  1/2-1/2

[Event "46th Capablanca Memorial Open A"]
[Site "Havana CUB"]
[Date "2010.05.18"]
[Round "7.13"]
[White "Vera Gonzalez Quevedo,R"]
[Black "Ruiz Sanchez,O"]
[Result "1-0"]
[WhiteElo "2500"]
[BlackElo "2392"]

1.d4 d5 2.c4 c6 3.Nc3 Nf6 4.e3 e6 5.Nf3 Nbd7 6.Bd3 dxc4 7.Bxc4 b5 8.Bd3 Bd6
9.a3 Bb7 10.O-O O-O 11.Qc2 a5 12.e4 e5 13.dxe5 Nxe5 14.Nxe5 Bxe5 15.h3 Re8
16.Be3 Bd4 17.Rfe1 Bxe3 18.Rxe3 Qd6 19.Rae1 Qe5 20.Nb1 Nd7 21.Nd2 Qc5 22.Qb1 Ne5
23.Nb3 Qb6 24.Qc2 Nxd3 25.Rxd3 b4 26.Nc5 Rad8 27.Red1 Rxd3 28.Rxd3 Bc8 29.Rd6 h6
30.axb4 axb4 31.Qc4 Qa5 32.Kh2 Qc7 33.Qd4 Be6 34.g3 Bd5 35.Rd7 Rxe4 36.Qxd5 cxd5
37.Rxc7 Re2 38.Kg2 Rxb2 39.Rb7 d4 40.Kf3 Rc2 41.Nd3  1-0

[Event "4th All China Games Rapid"]
[Site "Hefei CHN"]
[Date "2010.05.18"]
[Round "3"]
[White "Zhang Pengxiang"]
[Black "Yu Yangyi"]
[Result "1/2-1/2"]
[WhiteElo "2603"]
[BlackElo "2585"]

1.d4 d5 2.c4 e6 3.Nf3 Nf6 4.Nc3 c6 5.e3 Nbd7 6.Qc2 g6 7.b3 Bg7 8.Be2 O-O
9.O-O Re8 10.Rd1 b6 11.e4 dxe4 12.Nxe4 Nxe4 13.Qxe4 Bb7 14.Bb2 Qc7 15.Qc2 e5
16.dxe5 Nxe5 17.Nxe5 Bxe5 18.Bxe5 Rxe5 19.Bf3 c5 20.Bxb7 Qxb7 21.Qc3 Rae8
22.Re1 Re2 23.Rxe2 Rxe2 24.Rd1 Qe7 25.a4 a5 26.g3 h5 27.h4 Kh7  1/2-1/2

[Event "4th All China Games Rapid"]
[Site "Hefei CHN"]
[Date "2010.05.18"]
[Round "4"]
[White "Ding Liren"]
[Black "Zhang Pengxiang"]
[Result "1/2-1/2"]
[WhiteElo "2547"]
[BlackElo "2603"]

1.d4 d5 2.c4 c6 3.Nf3 Nf6 4.Nc3 e6 5.e3 Nbd7 6.Qc2 Bd6 7.Bd3 O-O 8.O-O dxc4
9.Bxc4 e5 10.h3 exd4 11.exd4 Nb6 12.Bb3 Nbd5 13.Bg5 Qa5 14.Nxd5 Nxd5 15.Bd2 Qd8
16.Rfe1 h6 17.Qd3 Be6 18.Bc2 Nf6 19.d5 cxd5 20.Bc3 Re8 21.Ba4 Rf8 22.Bc2 Re8
23.Ba4  1/2-1/2

[Event "4th All China Games Rapid"]
[Site "Hefei CHN"]
[Date "2010.05.18"]
[Round "5"]
[White "Xiu Deshun"]
[Black "Yu Yangyi"]
[Result "1/2-1/2"]
[WhiteElo "2508"]
[BlackElo "2585"]

1.d4 d5 2.c4 e6 3.Nf3 Nf6 4.Nc3 c6 5.e3 Nbd7 6.Bd3 g6 7.O-O Bg7 8.e4 dxe4
9.Nxe4 O-O 10.Bf4 b6 11.Qa4 c5 12.Bd6 Re8 13.dxc5 Nxc5 14.Bxc5 bxc5 15.Nxc5 Qc7
16.b4 a5 17.Rad1 e5 18.Ne4 Bb7 19.Rfe1 axb4 20.Qxb4 Bxe4 21.Bxe4 Nxe4 22.Rxe4 Rxa2
23.Qb3 Ra5 24.h3 h6 25.Rd5 Ra1+ 26.Re1 e4 27.Rxa1 Bxa1 28.Qa4 Qc8 29.Rc5 Qa8
30.Ra5 Qc8 31.Rc5 Qa8 32.Ra5 Qc8 33.Rc5 Qa8  1/2-1/2

[Event "TCh-UKR Clubs"]
[Site "Alushta UKR"]
[Date "2010.05.19"]
[Round "10"]
[White "Plaksin,V"]
[Black "Jary,S"]
[Result "1/2-1/2"]
[WhiteElo "2201"]
[BlackElo "2381"]

1.Nf3 d5 2.c4 c6 3.d4 e6 4.Nc3 Nf6 5.e3 Bd6 6.Bd3 Nbd7 7.e4 dxe4 8.Nxe4 Nxe4
9.Bxe4 Nf6 10.Bc2 c5 11.O-O cxd4 12.Qxd4 Qc7 13.Bg5 Be7 14.Rad1 Bd7 15.Ne5 Bc6
16.Nxc6 bxc6 17.Bf4 Qb6 18.Qe5 O-O 19.b3 Rfd8 20.h3 Rxd1 21.Rxd1 Rd8 22.Be3 Rxd1+
23.Bxd1 c5 24.Bf4 Nd7 25.Qc7 Qxc7 26.Bxc7 Bf6 27.Bf3 Be5 28.Ba5 Bd6 29.Kf1 Kf8
30.Ke2 Ke7 31.Be4 f5 32.Bb7 Ne5 33.Bc3 g5 34.g3 Kd7 35.Bd2 Be7 36.Be3 Nc6
37.Bxc6+ Kxc6 38.g4 h6 39.Bd2 Bf6 40.Kd3 Bd4 41.f3 Bg7 42.Ba5 a6 43.Be1 Bf6
44.Bd2 Be5 45.Bc1 Bg7 46.a3 Be5 47.b4 Bd6 48.Bd2 Be7 49.Bc3 Bf8 50.Kc2 cxb4
51.axb4 Be7 52.Kb3 Kd6 53.Bg7 f4 54.Kc3 e5 55.Kd3 Ke6 56.c5 Kd5 57.Bxh6 Bf6
58.Bf8 Bd8 59.Bd6 Bf6 60.Bb8 Bg7 61.Bd6 Bf6 62.Bf8 Bd8 63.c6 e4+ 64.fxe4+ Kxc6
65.Kc4 Kd7 66.Bc5 Ke6 67.Bf2 Be7 68.Be1 f3 69.Kd3 f2 70.Bxf2 Bxb4 71.h4 gxh4
72.Bxh4 a5 73.Bg3 a4 74.Bf2 Kf6 75.Bh4+ Ke6 76.g5 Be7 77.Kc4 a3 78.Kb3 Bxg5  1/2-1/2

[Event "TCh-UKR Clubs"]
[Site "Alushta UKR"]
[Date "2010.05.19"]
[Round "10"]
[White "Kononenko,Dmitry1"]
[Black "Savvopulo,A"]
[Result "1-0"]
[WhiteElo "2576"]
[BlackElo "2100"]

1.d4 d5 2.c4 c6 3.Nc3 Nf6 4.Nf3 e6 5.e3 Nbd7 6.Qc2 Bd6 7.g4 h6 8.Rg1 e5 9.cxd5 Nxd5
10.Bd2 exd4 11.Qe4+ Qe7 12.Qxd4 Ne5 13.Nxe5 Bxe5 14.Nxd5 Qd6 15.Bb4 Qxd5
16.Qxd5 cxd5 17.O-O-O Bxh2 18.Bb5+ Bd7 19.Bxd7+ Kxd7 20.Rxd5+ Ke6 21.Rgd1 Rac8+
22.Kb1 Bc7 23.f4 f6 24.f5+ Kf7 25.Rd7+ Kg8 26.Rc1  1-0

[Event "4th All China Games Rapid"]
[Site "Hefei CHN"]
[Date "2010.05.19"]
[Round "8"]
[White "Tan Zhongyi"]
[Black "Wang Yu A"]
[Result "1-0"]
[WhiteElo "2464"]
[BlackElo "2337"]

1.d4 d5 2.c4 c6 3.Nf3 Nf6 4.Nc3 e6 5.e3 Nbd7 6.Bd3 dxc4 7.Bxc4 b5 8.Bd3 Bd6
9.O-O O-O 10.Qc2 Bb7 11.e4 e5 12.h3 exd4 13.Nxd4 Nc5 14.Rd1 b4 15.Nce2 Nxd3
16.Rxd3 c5 17.e5 Bxe5 18.Qxc5 Qd5 19.Qxd5 Nxd5 20.Nb3 Rfe8 21.Na5 Ba6 22.Rxd5 Bxe2
23.Rb1 Rac8 24.Bd2 f6 25.Bxb4 Bh5 26.b3 Bg6 27.Rbd1 Rc2 28.R5d2 Rxd2 29.Rxd2 Bf4
30.Rd7 Re2 31.g3 Be5 32.Rd8+ Kf7 33.f4 Ba1 34.g4 Be4 35.Nc4 g5 36.Kf1 Bf3
37.Nd6+  1-0

[Event "4th All China Games Rapid"]
[Site "Hefei CHN"]
[Date "2010.05.19"]
[Round "8"]
[White "Li Wenliang"]
[Black "Liang Chong"]
[Result "0-1"]
[WhiteElo "2441"]
[BlackElo "2505"]

1.d4 d5 2.c4 e6 3.Nf3 c6 4.e3 Nf6 5.Nc3 a6 6.c5 b6 7.cxb6 Qxb6 8.Bd3 Nbd7
9.O-O c5 10.b3 cxd4 11.exd4 Bd6 12.Bb2 O-O 13.Re1 Bb7 14.Na4 Qd8 15.Ne5 Qe7
16.Qe2 Rfc8 17.Rac1 Bb4 18.Red1 a5 19.Bb5 Nxe5 20.Qxe5 Ne4 21.Nb6 Rxc1 22.Rxc1 Bd6
23.Qh5 Rd8 24.g3 e5 25.Qe2 exd4 26.Bxd4 Ba3 27.Rc2 Qb4 28.Qd3 Ng5 29.Bd7 Qxd4
30.Qxd4 Nf3+  0-1

[Event "Chladek & Tintera Open"]
[Site "Hradec Kralove CZE"]
[Date "2010.05.19"]
[Round "5"]
[White "Yakimenko,A"]
[Black "Horyna,J"]
[Result "1-0"]
[WhiteElo "2091"]
[BlackElo "1914"]

1.d4 d5 2.Nf3 Nf6 3.c4 c6 4.Nc3 e6 5.e3 Bd6 6.Qc2 Nbd7 7.Bd3 dxc4 8.Bxc4 Qa5
9.Bd2 Qc7 10.h3 h6 11.O-O O-O 12.a3 Nb6 13.Ba2 Bd7 14.Rac1 Rac8 15.e4 e5
16.dxe5 Bxe5 17.Nxe5 Qxe5 18.Rce1 Qh5 19.Bb1 g6 20.f4 Nc4 21.Bc1 Qc5+ 22.Kh2 b5
23.Ne2 Qb6 24.Ng3 Qc7 25.b3 Nb6 26.Bb2 Ne8 27.f5 gxf5 28.exf5 f6 29.Bc1 Rf7
30.Bf4 Qb7 31.Ne4 Bxf5 32.Bg3 Bxe4 33.Qxe4 f5 34.Qe6 Qd7 35.Qxh6 Rh7 36.Qg6+ Rg7
37.Qxf5 Qxf5 38.Bxf5 Ra8 39.Be6+ Kh7 40.Rf8 Re7 41.Bh4 Ng7 42.Bxe7  1-0

[Event "ch-CAT"]
[Site "Sabadell ESP"]
[Date "2010.05.19"]
[Round "3.1"]
[White "Alonso Rosell,A"]
[Black "Magem Badals,J"]
[Result "1-0"]
[WhiteElo "2507"]
[BlackElo "2585"]

1.d4 d5 2.c4 c6 3.Nf3 Nf6 4.Nc3 e6 5.e3 Nbd7 6.Bd3 dxc4 7.Bxc4 b5 8.Bd3 b4
9.Na4 c5 10.dxc5 Bxc5 11.Nxc5 Nxc5 12.Bb5+ Ke7 13.O-O Qb6 14.Nd4 Bb7 15.a3 bxa3
16.b3 Rhc8 17.Bxa3 Kf8 18.Rc1 Kg8 19.Qe2 Bd5 20.Qc2 Qb7 21.Bxc5 Bxg2 22.Ba6 Qd5
23.f3 Bxf1 24.Bxc8 Rxc8 25.Kxf1 a5 26.Qc4 Qe5 27.Qa6 Re8 28.Qe2 h6 29.Nc6 Qc7
30.Ba3 Qb6 31.Nd4 e5 32.Qb5 Qd8 33.Nf5 Qd2 34.Qe2 Qd7 35.e4 Kh7 36.Ng3 Rb8
37.Rc3 Rb7 38.Bc1 a4 39.bxa4 Qxa4 40.Be3 Rb1+ 41.Rc1 Rb3 42.Re1 Qa3 43.Nf5 Qb4
44.Rd1 Rb1 45.Rxb1 Qxb1+ 46.Kg2 Qb3 47.Qd2 Qe6 48.Bxh6 Nxe4 49.fxe4 gxh6
50.Qd6 Qg6+ 51.Qxg6+ Kxg6 52.Kg3  1-0

[Event "VIII World's Youth Stars"]
[Site "Kirishi RUS"]
[Date "2010.05.20"]
[Round "11"]
[White "Sethuraman,S"]
[Black "Bukavshin,I"]
[Result "1-0"]
[WhiteElo "2493"]
[BlackElo "2435"]

1.d4 d5 2.c4 e6 3.Nc3 c6 4.e3 Nf6 5.Nf3 Nbd7 6.Qc2 Bd6 7.g4 h6 8.h3 e5 9.Bd2 O-O
10.O-O-O e4 11.Nh4 Re8 12.Nf5 Bb8 13.Rg1 Nf8 14.Be2 N8h7 15.h4 h5 16.f3 exf3
17.Bxf3 hxg4 18.Bxg4 Nxg4 19.Rxg4 Kh8 20.Rf1 Rf8 21.h5 g6 22.hxg6 fxg6 23.Rxg6 Qd7
24.e4 dxe4 25.Bh6 Rxf5 26.Rfg1 Qf7 27.Bg7+ Kg8 28.Bf6+ Kf8 29.Rg8+ Qxg8 30.Rxg8+ Kxg8
31.Qg2+ Ng5 32.Bxg5 Kf7 33.Nxe4 Be6 34.Qh1 Kg8 35.Qh6 Rf1+ 36.Kd2 Bf5 37.Nf6+ Kf7
38.Nh5 Ke8 39.Qh8+ Kd7 40.Qd8+  1-0

[Event "ch-USA"]
[Site "Saint Louis USA"]
[Date "2010.05.20"]
[Round "7"]
[White "Kraai,J"]
[Black "Stripunsky,A"]
[Result "0-1"]
[WhiteElo "2492"]
[BlackElo "2570"]

1.d4 d5 2.c4 c6 3.Nc3 Nf6 4.e3 e6 5.Nf3 Nbd7 6.Bd2 Bd6 7.Bd3 O-O 8.O-O dxc4
9.Bxc4 a6 10.Qc2 c5 11.Bd3 h6 12.Rac1 Rb8 13.Rfd1 Qe7 14.Be1 b5 15.Ne4 c4
16.Nxd6 Qxd6 17.Be2 Bb7 18.b3 Rfc8 19.bxc4 bxc4 20.Qa4 Bd5 21.Rc2 Rb5 22.Bxc4 Rxc4
23.Rxc4 Nb6 24.Qxb5 axb5 25.Rc5 Ng4 26.Rxb5 Nd7 27.a4 Bxf3 28.gxf3 Qxh2+
29.Kf1 Qh3+ 30.Ke2 Nh2 31.Bb4 Qxf3+ 32.Ke1 Nf6  0-1

[Event "CICC"]
[Site "Calgary CAN"]
[Date "2010.05.21"]
[Round "2"]
[White "Piasetski,L"]
[Black "Panjwani,R"]
[Result "1-0"]
[WhiteElo "2301"]
[BlackElo "2401"]

1.d4 d5 2.c4 c6 3.Nf3 Nf6 4.Nc3 e6 5.e3 Nbd7 6.Qc2 Bd6 7.Bd2 O-O 8.O-O-O e5
9.cxd5 cxd5 10.Nb5 Bb8 11.dxe5 Nxe5 12.Bc3 Re8 13.Nxe5 Bxe5 14.Bd3 Bxc3 15.Nxc3 Bd7
16.Kb1 Rc8 17.Qb3 Be6 18.Qb4 a6 19.Rd2 b5 20.Rc1 Qc7 21.h3 d4 22.Qxd4 Red8
23.Qf4 Qa5 24.a3 h6 25.Qb4 Qc7 26.Rcd1 a5 27.Qf4 b4 28.Qxc7 Rxc7 29.Nb5 Rb7
30.Bc2 Rxd2 31.Rxd2 Kf8 32.a4 b3 33.Bd3 Nd5 34.Nd4 Rb4 35.Bb5 Ne7 36.Nxb3 Nd5
37.Nxa5 Nc3+ 38.Kc2 Nxb5 39.Rd8+  1-0

[Event "Municipality Cup"]
[Site "Tbilisi GEO"]
[Date "2010.05.21"]
[Round "7"]
[White "Arutinian,D"]
[Black "Gagunashvili,M"]
[Result "0-1"]
[WhiteElo "2566"]
[BlackElo "2580"]

1.d4 d5 2.c4 c6 3.Nf3 Nf6 4.Nc3 e6 5.e3 Nbd7 6.Qc2 Bd6 7.g4 h6 8.h3 e5 9.Bd2 O-O
10.O-O-O e4 11.Nh4 Re8 12.Nf5 Bf8 13.Kb1 dxc4 14.Bxc4 Nb6 15.Bb3 Bxf5 16.gxf5 Qd7
17.Rdf1 c5 18.dxc5 Bxc5 19.f3 exf3 20.Rxf3 Qc6 21.Rhf1 Rac8 22.Ne2 Qe4 23.Qxe4 Nxe4
24.Bc1 Bd6 25.h4 Nc4 26.Bxc4 Rxc4 27.Rd1 Rec8 28.Rd3 Be5 29.Rf1 a5 30.Rfd1 Bf6
31.Rd5 a4 32.Rd7 b5 33.h5 Rc2 34.Nf4 Rf2 35.Nd5 Rxf5 36.Rb7 Rc5 37.Nf4 a3
38.Ra7 Rxc1+ 39.Rxc1 Nd2+ 40.Kc2 axb2 41.Kxd2 bxc1=Q+ 42.Kxc1 Bd4 43.Nd3 Rxh5
44.Rb7 Bf6 45.Kd2 Rh2+ 46.Kd1 Bc3 47.Nf4 Rd2+ 48.Kc1 g5 49.Nh5 Rxa2 50.Rxb5 Rh2  0-1

[Event "CICC"]
[Site "Calgary CAN"]
[Date "2010.05.22"]
[Round "4"]
[White "Panjwani,R"]
[Black "Haessel,D"]
[Result "1-0"]
[WhiteElo "2401"]
[BlackElo "2207"]

1.d4 d5 2.c4 c6 3.e3 Nf6 4.Nc3 e6 5.Nf3 a6 6.Qc2 Nbd7 7.b3 b5 8.Bd3 Be7 9.O-O O-O
10.Bb2 Bb7 11.a3 bxc4 12.bxc4 dxc4 13.Bxc4 c5 14.Rfd1 Qc7 15.d5 Nb6 16.Ne4 Nxe4
17.Qxe4 Nxc4 18.Qxc4 exd5 19.Qg4 f6 20.Nh4 Bd6 21.f4 Rae8 22.Nf5 Kh8 23.Rac1 Bc8
24.Rxd5 g6 25.Rxd6 Qxd6 26.Nxd6 Bxg4 27.Nxe8 Rxe8 28.h3 Bf5 29.Kf2 Kg7 30.g4 Bd3
31.Rxc5 Kf7 32.Bd4 f5 33.g5 Re7 34.Ke1 Ke6 35.Kd2 Bf1 36.h4 Rd7 37.h5 Bb5
38.h6 Re7 39.Kc3 Kd6 40.Kb4 Rb7 41.Ka5 Be2 42.a4 Bd3 43.Rc8 Kd5 44.Rg8 Ke6
45.Rf8 Kd5 46.Re8 Bc4 47.Bg7  1-0

[Event "CICC"]
[Site "Calgary CAN"]
[Date "2010.05.22"]
[Round "5"]
[White "Mikhalevski,V"]
[Black "Panjwani,R"]
[Result "1-0"]
[WhiteElo "2614"]
[BlackElo "2401"]

1.d4 d5 2.c4 c6 3.Nf3 Nf6 4.Nc3 e6 5.e3 Nbd7 6.Qc2 Bd6 7.Bd3 O-O 8.O-O dxc4
9.Bxc4 Qe7 10.h3 a6 11.a4 c5 12.Re1 b6 13.d5 Ne5 14.Nxe5 Bxe5 15.e4 h6 16.Bd2 Bd4
17.Ne2 exd5 18.exd5 Qd6 19.Nxd4 cxd4 20.Qd3 Bb7 21.Qxd4 Bxd5 22.Bxh6 gxh6
23.Bxd5 Rad8 24.Re3 Qxd5 25.Qxf6 Kh7 26.Re5 Qd6 27.Rf5 Qb4 28.Rh5 Qd2 29.Qf5+ Kg7
30.Ra3 Rd6 31.Rg3+ Rg6 32.Qe5+ Kg8 33.Rf5 Rxg3 34.Qxg3+ Kh7 35.Qb3 Qc1+ 36.Kh2 Qc7+
37.g3 Kg7 38.Qf3 Re8 39.Qg4+ Kf8 40.Qg6 Re1 41.Qxh6+ Ke8 42.Qh8+  1-0

[Event "Municipality Cup"]
[Site "Tbilisi GEO"]
[Date "2010.05.22"]
[Round "8"]
[White "Zeynalov,F"]
[Black "Ter Karapetian,Ar"]
[Result "1-0"]
[WhiteElo "2320"]
[BlackElo "2093"]

1.d4 d5 2.c4 c6 3.Nf3 Nf6 4.Nc3 e6 5.e3 Nbd7 6.Qc2 Bd6 7.g4 h6 8.h3 Qe7 9.Bd2 dxc4
10.Bxc4 e5 11.g5 hxg5 12.Nxg5 Nd5 13.Nce4 Bb4 14.Bxb4 Qxb4+ 15.Nd2 Qe7 16.Rg1 N7b6
17.O-O-O Rh5 18.h4 Bd7 19.e4 Nxc4 20.Nxc4 Nb4 21.Qb3 O-O-O 22.Nxf7 Qxh4 23.Ncd6+  1-0

[Event "34th Open"]
[Site "Fourmies FRA"]
[Date "2010.05.23"]
[Round "4"]
[White "Lalic,B"]
[Black "Delorme,Ax"]
[Result "1/2-1/2"]
[WhiteElo "2496"]
[BlackElo "2441"]

1.Nf3 d5 2.c4 c6 3.e3 Nf6 4.Nc3 e6 5.d4 a6 6.b3 Bb4 7.Bd2 Nbd7 8.Qc2 O-O
9.Bd3 Bd6 10.O-O h6 11.e4 dxc4 12.Bxc4  1/2-1/2

[Event "34th Open"]
[Site "Fourmies FRA"]
[Date "2010.05.23"]
[Round "5"]
[White "Barbaut,M"]
[Black "Rott,G"]
[Result "0-1"]
[WhiteElo "2059"]
[BlackElo "2208"]

1.d4 d5 2.Nf3 Nf6 3.e3 c6 4.c4 e6 5.Nc3 Nbd7 6.Bd3 dxc4 7.Bxc4 b5 8.Bd3 a6
9.O-O c5 10.e4 cxd4 11.e5 dxc3 12.exf6 Nc5 13.Bc2 Qxd1 14.Rxd1 Bb7  0-1